Věda a výzkum v průmyslu textilním : (Sborník výzkumných prací). Řada 5

Uložené v:
Podrobná bibliografia
Ďalší autori: Handzel, Jan (Editor)
Médium: Kniha
Jazyk:Czech
Vydané: Praha : Ministerstvo spotřebního průmyslu, 1962.
Vydanie:1. vyd.
ISBN: (brož.)
Fyzický popis: 187 s.
Tagy: Pridať tag
Žiadne tagy, Buďte prvý kto otaguje tento záznam!

MARC

LEADER 00000nam a22000001 4500
001 000495708
005 20151110203359.0
008 980312s1962 xr cze d
020 |a (brož.)  |c Kčs 20,00 
040 |a SVKKK  |b slo  |c SVKKK  |e AACR2 
041 0 |a cze 
044 |a xr  |c CZ 
245 0 0 |a Věda a výzkum v průmyslu textilním :  |b (Sborník výzkumných prací).  |n Řada 5  |c red.: Jan Handzel. 
250 |a 1. vyd. 
260 |a Praha :  |b Ministerstvo spotřebního průmyslu,  |c 1962. 
300 |a 187 s. 
366 |e 1100 výt. 
500 |a Resumé rus., angl. a nem. 
700 1 |a Handzel, Jan  |4 edt 
910 |a svkkk 
998 |a BK 
090 |g SCKHL  |k Sklad Pribinova 1. posch.  |a IV.60550  |j 397940  |i 495708-10  |s Absenčne